[Event "Niedersachsen-ch op-B"]
[Site "Verden"]
[Date "2016.01.06"]
[Round "7"]
[White "Bulmahn, Aaron Aime"]
[Black "Santos, Leonardo"]
[Result "1-0"]
[WhiteElo "1541"]
[BlackElo "1644"]
[PlyCount "67"]
[EventDate "2016.01.03"]
[EventType "swiss"]
[EventRounds "7"]
[EventCountry "GER"]
[SourceTitle "EXT 2018"]
[Source "ChessBase"]
[SourceDate "2017.10.13"]
[SourceVersion "1"]
[SourceVersionDate "2017.10.13"]
[SourceQuality "1"]

1. e4 c5 2. Nf3 d6 3. Bc4 g6 4. c3 Bg7 5. 0-0 Nf6 6. d3 Nc6 7. Bg5 0-0 8. Nbd2 a6 9. Bb3 b5 10. Re1 a5 11. a3 Ba6 12. c4 bxc4 13. Nxc4 Bxc4 14. Bxc4 Rb8 15. Rb1 h6 16. Be3 Ng4 17. Qd2 Nxe3 18. Rxe3 h5 19. Ree1 Rb6 20. a4 Ne5 21. Nxe5 Bxe5 22. Qxa5 Rxb2 23. Qxd8 Rxd8 24. Rxb2 Bxb2 25. Re2 Rb8 26. g3 Rb4 27. Kg2 Kf8 28. Bb5 f6 29. f4 e5 30. fxe5 Bxe5 31. Ra2 Ke7 32. Bc4 g5 33. a5 Kd7 34. a6 1-0

[Event "GER-ch U12"]
[Site "Magdeburg"]
[Date "2014.06.12"]
[Round "8"]
[White "Lieberwirth, Kasimir"]
[Black "Santos, Leonardo"]
[Result "0-1"]
[WhiteElo "1628"]
[BlackElo "1547"]
[PlyCount "26"]
[EventDate "2014.06.08"]
[EventType "swiss"]
[EventRounds "11"]
[EventCountry "GER"]
[SourceTitle "CBM 160 Extra"]
[Source "ChessBase"]
[SourceDate "2014.07.01"]
[SourceVersion "1"]
[SourceVersionDate "2014.07.01"]
[SourceQuality "1"]

1. e4 d5 2. exd5 Qxd5 3. Nc3 Qd6 4. Bc4 Nf6 5. Nf3 g6 6. d4 Bg7 7. Ne5 0-0 8. Bf4 Nh5 9. Ne4 Qb6 10. Bg5 Nc6 11. Nf3 Nxd4 12. 0-0 Bg4 13. Ned2 Qc5 0-1

[Event "GER-ch U12"]
[Site "Magdeburg"]
[Date "2014.06.10"]
[Round "5"]
[White "Santos, Leonardo"]
[Black "Paulweber, Lara Maria"]
[Result "1-0"]
[WhiteElo "1547"]
[BlackElo "1386"]
[PlyCount "77"]
[EventDate "2014.06.08"]
[EventType "swiss"]
[EventRounds "11"]
[EventCountry "GER"]
[SourceTitle "CBM 160 Extra"]
[Source "ChessBase"]
[SourceDate "2014.07.01"]
[SourceVersion "1"]
[SourceVersionDate "2014.07.01"]
[SourceQuality "1"]

1. e4 e6 2. Nc3 d5 3. d4 Bb4 4. exd5 exd5 5. Bd3 Nf6 6. Nge2 c5 7. dxc5 Bxc5 8. 0-0 Be6 9. Ng3 0-0 10. Bf4 Nc6 11. a3 Bd6 12. Bxd6 Qxd6 13. Re1 Rfe8 14. Qd2 h6 15. Rad1 Qd8 16. h3 a6 17. Be2 Re7 18. Bf3 Rd7 19. Nge2 Rd6 20. Nf4 Ne7 21. Re2 Qd7 22. g4 g5 23. Nd3 Nc6 24. Nc5 Qc8 25. N3a4 Ne7 26. Qb4 b5 27. Nxe6 Qd7 28. Nac5 Nc6 29. Nxd7 Nxb4 30. Nxf6+ Kh8 31. axb4 fxe6 32. Nh5 a5 33. bxa5 Rxa5 34. Rde1 Ra2 35. Rxe6 Rxe6 36. Rxe6 Kh7 37. Re7+ Kh8 38. Nf6 Ra1+ 39. Kg2 1-0

[Event "Niedersachsen-ch U12"]
[Site "Norderney"]
[Date "2014.04.18"]
[Round "11"]
[White "Schulze, Lara"]
[Black "Santos, Leonardo"]
[Result "1/2-1/2"]
[WhiteElo "1763"]
[BlackElo "1451"]
[PlyCount "40"]
[EventDate "2014.04.??"]
[EventType "swiss"]
[EventRounds "11"]
[EventCountry "GER"]
[SourceTitle "EXT 2017"]
[Source "ChessBase"]
[SourceDate "2016.10.25"]
[SourceVersion "1"]
[SourceVersionDate "2016.10.25"]
[SourceQuality "1"]

1. d4 Nf6 2. c4 g6 3. Nc3 d5 4. cxd5 Nxd5 5. e4 Nxc3 6. bxc3 Bg7 7. Bc4 c5 8. Ne2 Nc6 9. Be3 0-0 10. Rc1 e6 11. h4 b6 12. Qd2 Qe7 13. e5 Bb7 14. f3 Na5 15. Bd3 Rad8 16. Bg5 f6 17. exf6 Bxf6 18. Bxf6 Qxf6 19. h5 g5 20. 0-0 Rd7 1/2-1/2

[Event "Niedersachsen-ch U12"]
[Site "Norderney"]
[Date "2014.04.14"]
[Round "5"]
[White "Helmer, Jan"]
[Black "Santos, Leonardo"]
[Result "1/2-1/2"]
[WhiteElo "1612"]
[BlackElo "1451"]
[PlyCount "73"]
[EventDate "2014.04.??"]
[EventType "swiss"]
[EventRounds "11"]
[EventCountry "GER"]
[SourceTitle "EXT 2017"]
[Source "ChessBase"]
[SourceDate "2016.10.25"]
[SourceVersion "1"]
[SourceVersionDate "2016.10.25"]
[SourceQuality "1"]

1. d4 Nf6 2. Nf3 g6 3. Nc3 d5 4. Bf4 a6 5. Qd2 Bg7 6. e3 Bf5 7. Be2 h6 8. 0-0 Nbd7 9. Bd3 Bxd3 10. cxd3 0-0 11. e4 g5 12. Bg3 Nh5 13. Nxd5 Nxg3 14. hxg3 c6 15. Ne3 e6 16. Kh2 Nb6 17. Rh1 Kh7 18. Kg1 Rh8 19. Ng4 Kg8 20. Qb4 Qc7 21. Nfe5 a5 22. Qb3 Nd7 23. Nxd7 Qxd7 24. Qc4 Rd8 25. Rd1 Qxd4 26. Qxd4 Rxd4 27. Rd2 Kh7 28. Kf1 Rhd8 29. Ke2 f5 30. exf5 exf5 31. Ne3 Re8 32. Kd1 Kg6 33. Re1 Rb4 34. Nc4 Rxe1+ 35. Kxe1 a4 36. Re2 b5 37. Na5 1/2-1/2

[Event "Niedersachsen-ch U12"]
[Site "Rotenburg"]
[Date "2013.03.23"]
[Round "2"]
[White "Santos, Leonardo"]
[Black "Laubrock, Paul"]
[Result "0-1"]
[WhiteElo "1378"]
[BlackElo "1671"]
[PlyCount "62"]
[EventDate "2013.03.23"]
[EventType "swiss"]
[EventRounds "11"]
[EventCountry "GER"]
[SourceTitle "EXT 2015"]
[Source "ChessBase"]
[SourceDate "2014.11.20"]
[SourceVersion "1"]
[SourceVersionDate "2014.11.20"]
[SourceQuality "1"]

1. d4 Nf6 2. Nf3 e6 3. e3 b6 4. Bd3 Bb7 5. Nbd2 d5 6. 0-0 Be7 7. Qe2 0-0 8. e4 dxe4 9. Nxe4 Nc6 10. c3 h6 11. Nh4 Qd5 12. f4 Nxe4 13. Bxe4 Nxd4 14. cxd4 Qxd4+ 15. Kh1 Qxe4 16. Qxe4 Bxe4 17. Nf3 Rfd8 18. Be3 Rd3 19. Rae1 Rad8 20. Ne5 R3d6 21. Bc5 Bxg2+ 22. Kxg2 bxc5 23. Rf2 Bh4 24. Ree2 Bxf2 25. Kxf2 Rd2 26. Nc6 Rxe2+ 27. Kxe2 Rd6 28. Nxa7 Ra6 29. Nb5 Rxa2 30. Nxc7 Rxb2+ 31. Kd3 Rxh2 0-1

[Event "GER-ch U10"]
[Site "Oberhof"]
[Date "2011.06.16"]
[Round "8"]
[White "Santos, Leonardo"]
[Black "Riegel, Arinna"]
[Result "1-0"]
[WhiteElo "1100"]
[BlackElo "1118"]
[PlyCount "123"]
[EventDate "2011.06.11"]
[EventType "swiss"]
[EventRounds "11"]
[EventCountry "GER"]
[SourceTitle "CBM 142 Extra"]
[Source "ChessBase"]
[SourceDate "2011.06.27"]
[SourceVersion "1"]
[SourceVersionDate "2011.06.27"]
[SourceQuality "1"]

1. e4 d5 2. exd5 Qxd5 3. Nc3 Qd6 4. d4 Nf6 5. Nf3 c6 6. Bd3 Bg4 7. Be3 e6 8. 0-0 Be7 9. Qe2 0-0 10. Rfe1 Nbd7 11. Rad1 Qc7 12. h3 Bh5 13. Ne4 h6 14. Ng3 Bd6 15. Nxh5 Nxh5 16. c3 Nhf6 17. Bc2 Rad8 18. Nd2 Bh2+ 19. Kh1 Bd6 20. Qd3 Be7 21. Ne4 Nxe4 22. Qxe4 Nf6 23. Qd3 e5 24. Rf1 e4 25. Qd2 Rd5 26. f3 exf3 27. Rxf3 c5 28. Qd3 c4 29. Qe2 Nh5 30. Bf2 Rg5 31. Qe4 Rg6 32. Re1 Bd8 33. Ree3 Nf6 34. Qe5 Rg5 35. Qxc7 Bxc7 36. Rf5 Rxf5 37. Bxf5 Re8 38. Rxe8+ Nxe8 39. Be4 b5 40. b3 cxb3 41. axb3 a5 42. Bc6 Nd6 43. Bg3 b4 44. Bxd6 Bxd6 45. c4 Kf8 46. Kg1 Ke7 47. Kf2 f5 48. Ke3 g6 49. d5 Kf6 50. Kd4 h5 51. c5 Bc7 52. d6 Bb8 53. Kd5 h4 54. Bb5 g5 55. c6 g4 56. hxg4 fxg4 57. c7 Bxc7 58. dxc7 h3 59. gxh3 gxh3 60. c8Q h2 61. Qh3 h1Q+ 62. Qxh1 1-0

[Event "GER-ch U10"]
[Site "Oberhof"]
[Date "2011.06.15"]
[Round "7"]
[White "Moeller, Lisa Marie"]
[Black "Santos, Leonardo"]
[Result "0-1"]
[WhiteElo "1069"]
[BlackElo "1100"]
[PlyCount "98"]
[EventDate "2011.06.11"]
[EventType "swiss"]
[EventRounds "11"]
[EventCountry "GER"]
[SourceTitle "CBM 142 Extra"]
[Source "ChessBase"]
[SourceDate "2011.06.27"]
[SourceVersion "1"]
[SourceVersionDate "2011.06.27"]
[SourceQuality "1"]

1. e4 c5 2. Nf3 Nc6 3. d4 cxd4 4. Nxd4 g6 5. Nc3 Bg7 6. Be3 Nf6 7. f3 0-0 8. Qd2 d5 9. exd5 Nxd5 10. Nxc6 bxc6 11. Nxd5 cxd5 12. 0-0-0 Rb8 13. Bd4 Bxd4 14. Qxd4 Be6 15. g4 h6 16. h3 Qc7 17. Be2 Rfc8 18. c3 Qb7 19. b3 Qc7 20. Kc2 Qa5 21. Kb2 Bd7 22. Rd3 Be6 23. Rf1 Qb6 24. Qe5 a5 25. f4 a4 26. b4 Rc4 27. f5 Re4 28. Qh2 Bd7 29. Rxd5 Bc6 30. Re5 Ra8 31. Rxe4 Bxe4 32. fxg6 Bxg6 33. Qf4 Qe6 34. Bf3 Rc8 35. Qxh6 Qf6 36. Qc1 a3+ 37. Kb3 Qe6+ 38. c4 Bd3 39. Re1 Qa6 40. c5 e6 41. Qc3 Rd8 42. c6 Ra8 43. Qc1 Rc8 44. Qxa3 Qc4+ 45. Kb2 Rb8 46. Ka1 Rxb4 47. Rc1 Qd4+ 48. Qc3 Qxc3+ 49. Rxc3 Rb1# 0-1

[Event "GER-ch U10"]
[Site "Oberhof"]
[Date "2011.06.12"]
[Round "1"]
[White "Fieberg, Samuel"]
[Black "Santos, Leonardo"]
[Result "1-0"]
[WhiteElo "1762"]
[BlackElo "1100"]
[PlyCount "95"]
[EventDate "2011.06.11"]
[EventType "swiss"]
[EventRounds "11"]
[EventCountry "GER"]
[SourceTitle "CBM 142 Extra"]
[Source "ChessBase"]
[SourceDate "2011.06.27"]
[SourceVersion "1"]
[SourceVersionDate "2011.06.27"]
[SourceQuality "1"]

1. e4 c5 2. Nf3 d6 3. d4 cxd4 4. Nxd4 Nf6 5. Nc3 g6 6. Be2 Bg7 7. Be3 0-0 8. 0-0 Nc6 9. f4 Bd7 10. h3 Nxd4 11. Bxd4 e6 12. Qd3 Rc8 13. Rad1 Rc6 14. Bf3 Rc8 15. Rd2 a6 16. Rfd1 Bc6 17. Qe3 Qe7 18. Bxf6 Bxf6 19. Rxd6 Rfd8 20. e5 Rxd6 21. Rxd6 Bg7 22. Qc5 f6 23. Bxc6 fxe5 24. fxe5 Qh4 25. Rxe6 Bh6 26. Qf2 Qxf2+ 27. Kxf2 Rxc6 28. Rxc6 bxc6 29. Kf3 Kf7 30. Ke4 Ke6 31. Na4 Bf8 32. a3 h6 33. b4 Be7 34. c4 Bf8 35. Nb2 Be7 36. Nd3 Bf8 37. a4 Be7 38. b5 axb5 39. axb5 cxb5 40. cxb5 Bd8 41. Nf4+ Ke7 42. Nd5+ Ke6 43. b6 Kd7 44. b7 g5 45. b8Q g4 46. Qb7+ Ke8 47. e6 gxh3 48. Qf7# 1-0

[Event "Porto district-ch U14"]
[Site "Porto"]
[Date "2004.02.24"]
[Round "4"]
[White "Santos, Leonardo"]
[Black "Tavares, Tiago Miguel Couto"]
[Result "0-1"]
[WhiteElo "1032"]
[BlackElo "1001"]
[PlyCount "82"]
[EventDate "2004.02.??"]
[EventType "tourn"]
[EventRounds "5"]
[EventCountry "POR"]
[SourceTitle "EXT 2005"]
[Source "ChessBase"]
[SourceDate "2004.11.15"]
[SourceVersion "1"]
[SourceVersionDate "2004.11.15"]
[SourceQuality "1"]

1. e4 e5 2. Nf3 Nc6 3. Bc4 Bc5 4. d3 Nf6 5. Ng5 0-0 6. Nxf7 Rxf7 7. Bxf7+ Kxf7 8. 0-0 d5 9. Nc3 d4 10. Na4 Bb4 11. c3 Be7 12. Qb3+ Be6 13. Qxb7 Qe8 14. Qxc7 Rc8 15. Qb7 Na5 16. Qxa7 Qxa4 17. cxd4 exd4 18. b3 Qb5 19. Bd2 Nc6 20. Qa4 Qxd3 21. Bg5 Qxe4 22. Rfe1 Qg4 23. Bxf6 Bxf6 24. h3 Qg6 25. Rec1 d3 26. Rxc6 Rxc6 27. Qxc6 Bxa1 28. Qd6 Bf5 29. Qxg6+ Bxg6 30. Kf1 d2 31. Ke2 Bc3 32. a4 Bc2 33. a5 Bxa5 34. b4 d1Q+ 35. Ke3 Bxb4 36. f4 Bd2+ 37. Kd4 Bxf4+ 38. Kc3 Qd3+ 39. Kb2 Ba4 40. Ka2 Qb3+ 41. Ka1 Be5# 0-1

[Event "Porto district-ch U14"]
[Site "Porto"]
[Date "2004.02.22"]
[Round "2"]
[White "Fonseca, Francisco"]
[Black "Santos, Leonardo"]
[Result "0-1"]
[WhiteElo "1087"]
[BlackElo "1032"]
[PlyCount "76"]
[EventDate "2004.02.??"]
[EventType "tourn"]
[EventRounds "5"]
[EventCountry "POR"]
[SourceTitle "EXT 2005"]
[Source "ChessBase"]
[SourceDate "2004.11.15"]
[SourceVersion "1"]
[SourceVersionDate "2004.11.15"]
[SourceQuality "1"]

1. e4 e5 2. Nf3 Nc6 3. Bc4 Bc5 4. d3 h6 5. Nc3 Nf6 6. 0-0 0-0 7. h3 d6 8. b3 Bb4 9. Bb2 Bxc3 10. Bxc3 d5 11. exd5 Nxd5 12. Bxd5 Qxd5 13. Re1 Re8 14. d4 f6 15. Qd3 Bd7 16. a4 exd4 17. Rxe8+ Rxe8 18. Qxd4 Nxd4 19. Bxd4 Bf5 20. Rc1 Be4 21. c4 Qc6 22. Ne1 a6 23. f3 Bf5 24. g4 Qd6 25. Rd1 c5 26. gxf5 cxd4 27. Nc2 Qg3+ 28. Kf1 Qxf3+ 29. Kg1 Qxd1+ 30. Kg2 Qxc2+ 31. Kg3 Qxb3+ 32. Kg4 d3 33. c5 Qxa4+ 34. Kf3 Qe4+ 35. Kf2 Qxf5+ 36. Kg2 Re2+ 37. Kg3 Qf3+ 38. Kh4 g5# 0-1